Vở bài tập toán 2
Vở bài tập toán 2 chủ yếu gồm các bài luyện tập, thực hành có cùng nội dung, mức độ như các bài tập trong sách giáo khoa toán 2. Nhằm đáp ứng nhu cầu phát triển năng lực toán của học sinh, bên cạnh đó sách còn giới thiệu một số dạng b...
Guardado en:
| Autor principal: | |
|---|---|
| Formato: | Libro |
| Lenguaje: | Undetermined |
| Publicado: |
Hà Nội
Giáo dục Việt Nam
2016
|
| Materias: | |
| Etiquetas: |
Agregar Etiqueta
Sin Etiquetas, Sea el primero en etiquetar este registro!
|
| Thư viện lưu trữ: | Trung tâm Học liệu Trường Đại học Cần Thơ |
|---|
| LEADER | 01039nam a2200217Ia 4500 | ||
|---|---|---|---|
| 001 | CTU_216178 | ||
| 008 | 210402s9999 xx 000 0 und d | ||
| 020 | |c 7600 | ||
| 082 | |a 372.7076 | ||
| 082 | |b H406/T.2 | ||
| 100 | |a Đỗ, Đình Hoan | ||
| 245 | 0 | |a Vở bài tập toán 2 | |
| 245 | 0 | |c Đỗ Đình Hoan (Chủ biên) | |
| 260 | |a Hà Nội | ||
| 260 | |b Giáo dục Việt Nam | ||
| 260 | |c 2016 | ||
| 520 | |a Vở bài tập toán 2 chủ yếu gồm các bài luyện tập, thực hành có cùng nội dung, mức độ như các bài tập trong sách giáo khoa toán 2. Nhằm đáp ứng nhu cầu phát triển năng lực toán của học sinh, bên cạnh đó sách còn giới thiệu một số dạng bài tập kiểu mới. | ||
| 650 | |a Mathematics,Toán | ||
| 650 | |x Study and teachinh (Elementary),Dạy và học (Tiểu học) | ||
| 904 | |i Hải | ||
| 980 | |a Trung tâm Học liệu Trường Đại học Cần Thơ | ||